000 00460nam a2200181Ia 4500
001 18240
005 20260306171616.0
008 260306s9999||||xx |||||||||||||| ||und||
041 _aESP
082 _a658.402
_bB88O
100 _aBueno Campos, Eduardo
_eAUT
245 0 _aOrganización de empresas:
_bestructura, procesos y modelos
260 _c2007
300 _a429 pƔginas :
_c24 cm.
650 _aGEN
654 _aCAN
942 _cLIB
_dJUS
_fJUS
_2ddc
_n
999 _c18240
_d18240